Irak : Bush bajo la lupa /

I tiakina i:
Ngā taipitopito rārangi puna kōrero
Kaituhi matua: Jalife-Rahme, Alfredo (autor)
Hōputu: Pukapuka
Reo:Pāniora
I whakaputaina: México : Cadmo y Europa, 2005, c2005
Putanga:2a edición
Ngā marau:
Ngā Tūtohu: Tāpirihia he Tūtohu
Kāore He Tūtohu, Me noho koe te mea tuatahi ki te tūtohu i tēnei pūkete!

MARC

LEADER 00000nam^a2200000^a^4500
001 000181387
005 20250521000000.0
009 20260310101929.551
020 |a 968-5600-08-2 
037 |a Acervo ITESO - Biblioteca 
041 |a ESP 
082 |a 320. 956061  |b JAL 
100 |a Jalife-Rahme, Alfredo  |e (autor) 
245 1 0 |a Irak :  |b Bush bajo la lupa /  |c A. Jalife-Rahme. 
250 |a 2a edición 
264 4 |a México :  |b Cadmo y Europa,  |c 2005, c2005 
300 |a 365 p. 
336 |a texto  |b txt  |2 rdacontenido 
337 |a sin mediación  |b n  |2 rdamedio 
338 |a volumen  |b nc  |2 rdasoporte 
649 |a XX 
650 |a Relaciones Internacionales -  |z EUA-Irak 
650 |a Intervención Militar de EUA 
650 |a Intervención Militar en Irak 
650 |a Nacionalismo -  |z Irak -  |x Historia 
650 |a Guerra y Paz -  |z Irak -  |x Historia -  |y Invasión Norteamericana, 2003-2004 
650 |a Guerra y Paz -  |z Irak -  |x Historia -  |y Gobierno de Transición, 2004-2005 
650 |a Guerra y Paz -  |z Irak -  |x Historia -  |y Siglo XXI 
650 |a Conflictos Regionales -  |z Medio Oriente -  |x Historia -  |y Siglo XXI 
650 |a Problemas Sociales -  |z Medio Oriente -  |x Historia -  |y Siglo XXI 
650 |a Terrorismo -  |z EUA -  |x Historia -  |y Siglo XXI 
650 |a Finanzas -  |z EUA -  |x Historia -  |y 2001-2009 
650 |a Finanzas -  |z EUA -  |x Historia -  |y Siglo XXI 
650 |a Sistema Político -  |z EUA -  |x Historia 
650 |a Ideología -  |z EUA 
650 |a Seguridad Nacional -  |z EUA 
650 |a Poder Político -  |z EUA 
650 |a Hegemonía -  |z EUA 
650 |a Política Exterior -  |z EUA -  |x Historia -  |y 2001-2009 
650 |a Política Económica -  |z EUA 
650 |a Finanzas Públicas -  |z EUA 
650 |a Economía Internacional 
650 |a Política Económica -  |z EUA -  |x Historia 
650 |a Política -  |z EUA -  |x Historia 
650 |a Capitalismo 
650 |a Neoliberalismo 
650 |a Globalización 
650 |a Comercio Internacional 
650 |a Nuevo Orden Mundial 
650 |a Finanzas Internacionales 
650 |a Política Internacional 
650 |a Política Internacional 
650 |a EUA -  |x Condiciones Políticas 
650 |a EUA -  |x Condiciones Económicas 
650 |a Irak -  |x Condiciones Políticas 
650 |a Irak -  |x Condiciones Económicas 
650 |a Periodismo de Investigación -  |z México 
650 |a Periodismo Político -  |z México 
650 |a Periodismo -  |z México 
650 |a Comunicación Masiva -  |z México 
650 |a Sociología Política 
910 |a Fondo General 
920 |a Impresos - Libros 
930 |a Colección General 
905 |a 101 
901 |a 0500121319  |b IT1  |c ACC  |u 20250521 
901 |a 0500121291  |b IT1  |c ACC  |u 20250521 
902 |a https://opac.biblio.iteso.mx/vufind/Record/000181387